00967cam a2200253 a 4500999001700000001000800017005001700025008004100042010001700083020001500100050002200115245010200137260010100239300002900340500009000369650001500459650001500474700002600489700001700515700001500532740002900547942001500576952012200591 c21475d21475349439720170121130018.0940505s1993 enka 000 0 eng  a 94154586  a028980099400aNK3600 .P483 199300aPen & brush lettering :ba book of alphabets /c[edited by Stuart Booth, John Douet & M. Meijer]. aLondon :bStudio Vista ;aNew York, N.Y. :bDistributed in the United States by Sterling,c1993. a112 p. :bill. ;c25 cm. a"Combined ed. of Pen & brush lettering & alphabets and Script lettering"--T.p. verso. 0aLettering. 0aAlphabets.1 aBooth, Stuart,d1945-1 aDouet, John.1 aMeijer, M.0 aPen and brush lettering. 2lcccBOOKS 00102lcc4070aMUCbMUCcGENd2017-01-21eDonation(BFA)l0oNK3600 .P483 1993p31232r2017-01-21w2017-01-21yBOOKS